000 01369nam a2200313 a 4500
003 BLK
005 20250630142524.0
008 180408b bul|||||r ||||||| ||bul||
020 _a9786192440756
040 _aBLK
041 _aBUL
_cBUL
080 _aАнглийска литература
_b821.111
_x-93-34
_z821.111-93-34
100 1 _aБарбър, Шърли
_9367236
245 1 0 _aПринцесата на русалките
_cШърли Барбър ; ил. Шърли Барбър ; прев. Стефан Недков
257 _aGBR
260 _aСофия
_bБук травъл
_c2023
_9443725
_n978-954-761- ; 954-8485-
300 _a29 с.
_bс цв. ил.
_c30 см
380 _aDX
490 _9496483
_aСветулка
500 _aОриг. загл.: Mermaid princess / Shirley Barber
700 1 _aБарбър, Шърли
_eил.
_9367236
700 _aНедков, Стефан Недков
_d1956 -
_gИнженер (компютърни технологии). Преводач от английски и руски език.
_eпрев.
_9401250
852 _aЦб ІІ 33494
_bЦб
852 _bД
_c821-93/Б 26 Ш
942 _cKNG
_n0
_s0
_03
944 _cКети Илиева
_k30553
_lИваничка Йорданова
944 _c2025-01-16
_kМ.Я.
_aED
999 _c523884
_d523884